Queen of the waves (barbie) - lyrics - Statistics

General Stats
  • This quiz has been taken 32 times
  • The average score is 198 of 285
Answer Stats
Answer % Correct
Of
95%
Queen
95%
She's
95%
The
95%
Waves
95%
For
91%
Her
91%
(Her
91%
To
91%
A
86%
Feet
86%
Go
86%
On
86%
Ride
86%
Side
86%
Up
86%
Up)
86%
It
82%
It)
82%
Beat
77%
Do
77%
In
77%
In)
77%
Steady
77%
Back
73%
Got
73%
Into
73%
Own
73%
Ready
73%
Ten
73%
Crown
68%
Dancing
68%
Girl's
68%
Hang
68%
Lean
68%
Move
68%
No
68%
Take
68%
Tearing
68%
Fin
64%
Gills
64%
Lay
64%
Make
64%
One
64%
(One
64%
Rocking
64%
Tail
64%
That
64%
Water
64%
Away
59%
Gonna
59%
Kinda
59%
Pop
59%
Your
59%
Catch
55%
Get
55%
Like
55%
Mahi
55%
One's
55%
Skills
55%
Board
50%
Down
50%
Tube
50%
Is
45%
Around
41%
Curl
41%
Out
41%
Check
36%
Spinning
36%
Beach
32%
Bow
32%
Current
32%
Hands
32%
(Hands
32%
Majesty
32%
Surf's
32%
Surfs
32%
Malibu
27%
Ocean)
27%
Dropping
23%
Hook)
23%
Let
23%
Off
23%
Win
23%
Air
18%
Air)
18%
Cause
18%
Commotion
18%
Foot
18%
(Jump
18%
Laguna
18%
Me
18%
Now
18%
Shredding
18%
Tide
18%
Too
18%
Zuma
18%
Best
14%
Floating
14%
Flying
14%
High
14%
Low
14%
Reach
14%
Rip
14%
See
14%
No matching quizzes found
Score Distribution
Percent of People with Each Score
Percentile by Number Answered
Your Score History
You have not taken this quiz